00452nam a22001337a 4500082002500000245007900025260000900104300002300113526003800136650001300174942001200187999001900199952010000218 a624.15136bHAVcASCE aSubsurface Exploration and Sampling of Soils for Civil Engineering Purpose c1965 axi, 521. p :b40cm a0b0c0d624_151360000000000_ASCE aMCE9379 2ddccBK c546491d546491 00102ddc4070aMCEbMCEd2014-06-12l0o624.15136 ASCEpMCE-42951r2014-06-12w2014-06-12yBK